Visualizzazione normale
Vista MARC
- Selvini Matteo, Gabrielli Gabriella
di Personal Name
Records bibliografici associati: 1
001 - CONTROL NUMBER
- control field: 62060
003 - CONTROL NUMBER IDENTIFIER
- control field:
005 - DATE AND TIME OF LATEST TRANSACTION
- control field: 20250409111401.0
008 - FIXED-LENGTH DATA ELEMENTS
- fixed length control field: 250409|| aca||aabn | a|a d
040 ## - CATALOGING SOURCE
- Original cataloging agency:
- Transcribing agency:
100 ## - HEADING--PERSONAL NAME
- Personal name: Selvini Matteo, Gabrielli Gabriella
670 ## - SOURCE DATA FOUND
- Source citation: Work cat.: ()222289: Selvini Matteo, Gabrielli Gabriella, Interventi educativi a domicilio: quali strategie per aiutare il minore, 1987